Представление документа в формате MARC21

Поле Инд. ПП Название Значение
Тип записи a
Библиографический уровень m
001 Контрольный номер RU/IS/BASE/306234113
005 Дата корректировки 20140703180302.8
040 a Служба первич. каталог. НБ ТвГУ
b Код языка каталог. rus
e Правила каталог. PSBO
041 0_ a Код языка текста rus
080 a Индекс УДК 141.7:177.6(430)(091)(043.3)
084 a Индекс другой классификации/Индекс ББК Ю3(4Гем)5-563я031
090 a Полочн. индекс Ю3(4Гем)
x Авторский знак С 14
100 1_ a Автор Садунова Наталия Владимировна
q Полное имя Садунова Н. В.
245 10 a Заглавие Философия любви немецкого романтизма
b Продолж. заглавия дис. ... канд. филос. наук : 09.00.03
c Ответственность Твер. гос.с.-х. акад.
260 a Место издания Тверь
c Дата издания 2009
300 a Объем 154 с.
500 a Примечание На правах рукоп.
502 a Примечание о диссертации Дис. (канд.) - Твер. гос. с.-х. акад., 2009
504 a Библиография Библиогр.: с. 140-154 и в подстроч. примеч.
650 a Основная рубрика Философия
x Основная подрубрика История
y Хронологическая подрубрика 17-19 вв.
z Географическая подрубрика Германия
650 14 a Основная рубрика Немецкая философия
x Основная подрубрика Романтизм
650 14 a Основная рубрика Немецкий романтизм
653 a Ключевые слова История философии
a Ключевые слова Любовь
a Ключевые слова Немецкая философия
a Ключевые слова Немецкий романтизм
a Ключевые слова Романтизм
a Ключевые слова Философия любви
a Ключевые слова Философия немецкого романтизма
a Ключевые слова Философия романтизма
a Ключевые слова Диссертации
920 a Оператор Густ
930 a Новая/Ретро диссертации
952 c Вид литературы Дис н
954 a Дата поступления на обработку 20090916